000 00779nam a2200241Ia 4500
003 GCL
008 140319s9999 xx 000 0 ara d
040 _aGCL /
_cGCL
082 0 4 _a812.009
_bج م
100 1 _aجلال العشرى
245 1 0 _aالمسرح فن وتاريخ /
_cجلال العشرى
260 _aالقاهرة :
_bالهيئة المصرية العامة للكتاب ،
_c1991
300 _a183 ص ؛
_c20 سم
490 _a
650 0 4 _aالمسرح
650 0 4 _aالمسرحيات
650 0 4 _aالفنون المسرحية
650 0 4 _aالمسرحيات المصرية القديمة
650 0 4 _aالحبكة الادبية
650 0 4 _aالمسرحيات اليونانية
650 0 4 _aتاريخ ونقد
942 _2ddc
_cBK
999 _c28365
_d28365